লোডিং...

Collected stories of Bertrand Russell

গ্রন্থ-পঞ্জীর বিবরন
প্রধান লেখক: Russell, Bertrand
অন্যান্য লেখক: Feinberg, Barry [Ed.]
বিন্যাস: Printed Book
ভাষা:English
প্রকাশিত: London George allen and unwin Ltd. 1972
বিষয়গুলি:
LEADER 00591nam a22001817a 4500
005 20151026130428.0
008 100309t xxu||||| |||| 00| 0 eng d
020 |a 0048230995 
080 |a F  |b RUS 
100 |a Russell, Bertrand  |9 114 
245 |a Collected stories of Bertrand Russell 
260 |a London  |b George allen and unwin Ltd.  |c 1972  |9 11012 
300 |a 335p. 
653 |a Fiction  |a English 
700 |a Feinberg, Barry [Ed.]  |9 11013 
942 |c BK  |6 _ 
999 |c 5150  |d 5150 
952 |0 0  |1 0  |2 udc  |4 0  |6 F_RUS  |7 0  |9 16478  |a UL  |b UL  |d 2010-03-09  |l 1  |o F RUS  |p 00008121  |r 2011-07-22  |s 2011-07-08  |w 2010-03-09  |y BK